Every Song by the Airborne Toxic Event - Statistics

General Stats
  • This quiz has been taken 15 times
    10 since last reset
  • The average score is 24 of 81
Answer Stats
Album Song % Correct
All at Once(2011) All at Once
100%
All at Once(2011) All I Ever Wanted
100%
All at Once(2011) Changing
100%
Dope Machines(2015) Dope Machines
100%
Glory(2024) Glory
100%
Hollywood Park(2020) Hollywood Park
100%
The Airborne Toxic Event(2008) Sometime Around Midnight
100%
All at Once(2011) All for a Woman
50%
Hollywood Park(2020) Brother, How Was the War?
50%
Dope Machines(2015) California
50%
Dope Machines(2015) Chains
50%
The Airborne Toxic Event(2008) Does This Mean You're Moving On?
50%
Such Hot Blood(2013) Elizabeth
50%
Hollywood Park(2020) Everything I Love is Broken
50%
Glory(2024) Frank Pigg
50%
The Airborne Toxic Event(2008) Gasoline
50%
All at Once(2011) Half of Something Else
50%
The Airborne Toxic Event(2008) Happiness is Overrated
50%
Dope Machines(2015) Hell and Back
50%
Hollywood Park(2020) I Don't Want to Be Here Anymore
50%
The Airborne Toxic Event(2008) Innocence
50%
The Airborne Toxic Event(2008) Missy
50%
Glory(2024) Note to Self
50%
All at Once(2011) Numb
50%
Glory(2024) Our Own Thunder Road
50%
The Airborne Toxic Event(2008) Papillon
50%
Songs of God and Whiskey(2015) Poor Isaac
50%
Such Hot Blood(2013) Safe
50%
The Airborne Toxic Event(2008) Something New
50%
Glory(2024) So You Think You Know the Difference?
50%
All at Once(2011) Strange Girl
50%
Such Hot Blood(2013) The Fifth Day
50%
The Airborne Toxic Event(Bonus)(2008) The Girls In Their Summer Dresses
50%
All at Once(2011) The Graveyard Near the House
50%
All at Once(2011) The Kids are Ready to Die
50%
Such Hot Blood(2013) The Storm
50%
Dope Machines(2015) The Thing About Dreams
50%
The Airborne Toxic Event(2008) This is Nowhere
50%
All at Once(2011) Welcome to Your Wedding Day
50%
The Airborne Toxic Event(2008) Wishing Well
50%
Songs of God and Whiskey(2015) A Certain Type of Girl
0%
Hollywood Park(2020) All the Children
0%
Hollywood Park(2020) All These Engagements
0%
Non-Album(2016) America
0%
Songs of God and Whiskey(2015) April is the Cruelest Month
0%
Such Hot Blood(2013) Bride & Groom
0%
Hollywood Park(2020) Carry Me
0%
Songs of God and Whiskey(2015) Change and Change and Change and Change
0%
Songs of God and Whiskey(2015) Cocaine and Abel
0%
Hollywood Park(2020) Come On Out
0%
Non-Album(2022) Faithless
0%
All at Once(Bonus)(2011) Haile
0%
Glory(2024) Hole in My Heart
0%
Non-Album(2009) I Don't Want to Be on TV
0%
All at Once(2011) It Doesn’t Mean a Thing
0%
Glory(2024) It Never Happened At All
0%
Glory(2024) Jenny
0%
Dope Machines(2015) My Childish Bride
0%
Non-Album(2010) Neda
0%
Dope Machines(2015) One Time Thing
0%
All at Once(Bonus)(2011) Parson Redheads
0%
Dope Machines(2015) Something You Lost
0%
Songs of God and Whiskey(2015) Strangers
0%
Hollywood Park(2020) The Common Touch
0%
Songs of God and Whiskey(2015) The Fall of Rome
0%
Songs of God and Whiskey(2015) The Lines of the Cars
0%
Hollywood Park(2020) The Place We Meet a Thousand Feet Beneath the Racetrack
0%
Hollywood Park(2020) The Place We Meet a Thousand Feet Beneath the Racetrack(Reprise)
0%
Such Hot Blood(2013) The Secret
0%
Glory(2024) The Walk
0%
The Airborne Toxic Event(Bonus)(2008) The Winning Side
0%
Such Hot Blood(2013) This is London
0%
The Airborne Toxic Event(Bonus)(2008) This Losing
0%
Such Hot Blood(2013) Timeless
0%
Dope Machines(2015) Time to Be a Man
0%
All at Once(Bonus)(2011) Tokyo Radio
0%
Hollywood Park(2020) True.
0%
Such Hot Blood(2013) True Love
0%
Such Hot Blood(2013) What's In a Name?
0%
Songs of God and Whiskey(2015) Why Why Why
0%
Dope Machines(2015) Wrong
0%
No matching quizzes found
Score Distribution
Percent of People with Each Score
Percentile by Number Answered
Your Score History
You have not taken this quiz since the last reset